| 000 | 01733nam a2200301Ia 4500 | ||
|---|---|---|---|
| 003 | OSt | ||
| 005 | 20250710103214.0 | ||
| 008 | 191128s1999 sp a jr 000 fdspa d | ||
| 020 | _a9788420792316 | ||
| 040 |
_aCO-JMCR _cCO-JMCR |
||
| 041 | 0 | _aspa | |
| 082 | 0 | 4 |
_aJ-N _2MOUc |
| 100 | 1 |
_aMoure, Gonzalo, _eautor _91239 |
|
| 245 | 1 | 4 |
_aLos caballos de mi tio / _cGonzalo Moure ; ilustraciones de Fernando Martín Godoy |
| 250 | _aPrimera edición | ||
| 260 |
_aMadrid : _bAnaya, _c1999 |
||
| 300 |
_a152 páginas : _bilustraciones blanco y negro ; _c20 cm. |
||
| 490 | 0 |
_aSopa de libros ; _v38 |
|
| 500 | _aIncluye datos biográficos del autor. | ||
| 505 | 0 | _aRecuerdo aquel verano -- El tío Darío contaba las mejores historias -- Hacer la cama de los caballos -- El sol me despierta -- La libertad de las verdes praderas - La fiesta de los pájaros -- Paula, de los Pablos -- Grandes planes -- La tarde que esperaba a Paula -- Montar a pelo o con montura -- El rebelde de siete leguas -- Cada día es un circulo -- Los caballo de mi tío | |
| 520 | _aLo mejor de las vacaciones no es estar sin hacer nada. Lo sabe muy bien Darío, quien, a sus diez años, se encarga de cuidar los caballos de su tío en Acacias, un pueblo a la orillas del mar. La vida cercana a los animales, cabalgar con su amiga Paula, el campo, la playa, un sol dorado o nubes llenas de lluvia... le harán recordar siempre "ese verano que parece todos los veranos de la vida" | ||
| 521 |
_aA partir de 10 años _bTapa posterior |
||
| 650 | 1 | 4 |
_aNovela juvenil española _91240 |
| 650 | 1 | 4 |
_aCaballos en la literatura _91248 |
| 650 | 1 | 4 |
_aAmistad en la literatura _91249 |
| 700 | 1 |
_aMartín Godoy, Fernando, _eilustrador _91241 |
|
| 942 |
_2ddc _cBK |
||
| 999 |
_c3379 _d3379 |
||